[Event "Llinars del Valles op-B 8th"]
[Site "Llinars del Valles"]
[Date "2014.05.17"]
[Round "4"]
[White "Lopez Pajuelo, Sergi"]
[Black "Rosas Ventura, Salvador"]
[Result "1-0"]
[WhiteElo "1960"]
[BlackElo "1815"]
[PlyCount "53"]
[EventDate "2014.04.26"]
[EventType "swiss"]
[EventRounds "8"]
[EventCountry "ESP"]
[SourceTitle "EXT 2015"]
[Source "ChessBase"]
[SourceDate "2014.11.20"]
[SourceVersion "1"]
[SourceVersionDate "2014.11.20"]
[SourceQuality "1"]

1. d4 Nf6 2. c4 g6 3. Nc3 Bg7 4. e4 d6 5. f4 0-0 6. Nf3 Bg4 7. Be2 c6 8. 0-0 e6 9. Ng5 Bxe2 10. Qxe2 Ne8 11. Be3 Qd7 12. Rad1 f6 13. Nf3 Qc7 14. f5 Qe7 15. fxg6 hxg6 16. Nh4 Qf7 17. Qg4 Kh7 18. Nf3 Qe7 19. Qh3+ Kg8 20. Nh4 Qf7 21. Rf3 Nd7 22. Qg4 Kh7 23. Nxg6 f5 24. Rh3+ Kg8 25. Rh8+ Bxh8 26. Ne7+ Kh7 27. Qh4+ 1-0

[Event "Llinars del Valles op-B 8th"]
[Site "Llinars del Valles"]
[Date "2014.04.26"]
[Round "1"]
[White "Torras Coloma, Pau"]
[Black "Lopez Pajuelo, Sergi"]
[Result "0-1"]
[WhiteElo "1789"]
[BlackElo "1960"]
[PlyCount "72"]
[EventDate "2014.04.26"]
[EventType "swiss"]
[EventRounds "8"]
[EventCountry "ESP"]
[SourceTitle "EXT 2015"]
[Source "ChessBase"]
[SourceDate "2014.11.20"]
[SourceVersion "1"]
[SourceVersionDate "2014.11.20"]
[SourceQuality "1"]

1. d4 d5 2. Nf3 Nf6 3. g3 e6 4. Bg2 Be7 5. 0-0 b6 6. e3 Bb7 7. Ne5 Nbd7 8. f4 0-0 9. Nd2 Ne4 10. c4 f6 11. Nd3 f5 12. cxd5 exd5 13. Qb3 Kh8 14. Nxe4 fxe4 15. Ne5 Nxe5 16. dxe5 c5 17. Rd1 Qe8 18. Bd2 Rd8 19. a4 d4 20. Qc4 Qh5 21. Re1 g5 22. exd4 Rxd4 23. Qc2 gxf4 24. Bxf4 Bg5 25. Bxg5 Qxg5 26. Bxe4 Bxe4 27. Rxe4 Rd2 28. Qb1 Rff2 29. Rh4 h6 30. Qe4 Rde2 31. Qa8+ Kg7 32. Qxa7+ Rf7 33. Qa8 Qe3+ 34. Kh1 Re1+ 35. Rxe1 Qxe1+ 36. Kg2 Qf1# 0-1

[Event "Roncana op-A 7th"]
[Site "Santa Eulalia de Roncana"]
[Date "2013.11.23"]
[Round "7"]
[White "Lopez Pajuelo, Sergi"]
[Black "Navajas Adan, Joaquim"]
[Result "0-1"]
[WhiteElo "1620"]
[BlackElo "1896"]
[PlyCount "98"]
[EventDate "2013.10.05"]
[EventType "swiss"]
[EventRounds "8"]
[EventCountry "ESP"]
[SourceTitle "CBM 157 Extra"]
[Source "ChessBase"]
[SourceDate "2013.12.19"]
[SourceVersion "1"]
[SourceVersionDate "2013.12.19"]
[SourceQuality "1"]

1. e4 e5 2. Nf3 Nc6 3. d4 exd4 4. c3 dxc3 5. Bc4 Nf6 6. e5 d5 7. exf6 dxc4 8. Qxd8+ Nxd8 9. Nxc3 Bf5 10. Nd4 Bd3 11. Nd5 Kd7 12. Nf3 Nc6 13. Bf4 gxf6 14. Nxc7 Rc8 15. Nd5 Bg7 16. Bd2 Rhe8+ 17. Kd1 Be2+ 18. Kc1 Bxf3 19. gxf3 Nd4 20. Be3 f5 21. Bxd4 Bxd4 22. Rd1 Bg7 23. Nb6+ Kc7 24. Nxc8 Kxc8 25. Rb1 Re2 26. Rf1 Bh6+ 27. Kd1 Rd2+ 28. Ke1 b5 29. Rg1 b4 30. Rg8+ Kb7 31. Rh8 Rd7 32. Rxh7 Bd2+ 33. Kf1 Kc6 34. Rh4 Kc5 35. Rh5 Rd5 36. Rh8 c3 37. bxc3 bxc3 38. Rc8+ Kd4 39. Rb4+ Kd3 40. Rbc4 Rd7 41. h4 f6 42. R8c7 Rxc7 43. Rxc7 c2 44. Rd7+ Kc3 45. Rc7+ Kb2 46. h5 c1Q+ 47. Rxc1 Bxc1 48. Kg2 Kxa2 49. Kg3 Bh6 0-1